000
00375nam a22001577a 4500
003
MPLRDC
005
20220104123434.0
008
210129b ||||| |||| 00| 0 eng d
082
_a
528.959 GRZ
100
_a
古瑞珍译
245
_a
羽毛球技巧
_c
260
_a
_b
王家出版社有限公司
_c
300
_b
平
650
_a
羽毛球
942
_c
BK
_o
528.959 GRZ
999
_c
11435
_d
11425